| 000 | 00481nam a2200181Ia 4500 | ||
|---|---|---|---|
| 003 | GCL | ||
| 008 | 140319s9999 xx 000 0 ara d | ||
| 040 |
_aGCL / _cGCL |
||
| 082 | 0 | 4 |
_a227.1 _bع ق |
| 100 | 1 | _aعفت الشرقاوى | |
| 245 | 1 | 0 |
_aقضايا انسانية فى اعمال المفسرين / _cعفت الشرقاوى |
| 300 | _a269 ص | ||
| 490 | _a | ||
| 650 | 0 | 4 | _aالتفاسير |
| 650 | 0 | 4 | _aالتفسير |
| 650 | 0 | 4 | _aالقران |
| 942 |
_2ddc _cBK |
||
| 999 |
_c46012 _d46012 |
||